Entrenamiento en circuito: técnicas de educación física para las escuelas, clubes, fuerzas armadas y policía

Guardat en:
Dades bibliogràfiques
Autor principal: Jonath, Ulrich (Autor)
Format: Llibre
Idioma:espanyol
Publicat: Buenos Aires Paidós 1976
Col·lecció:Biblioteca de educación física. Sección deportes, 3
Matèries:
Etiquetes: Afegir etiqueta
Sense etiquetes, Sigues el primer a etiquetar aquest registre!

MARC

LEADER 00000nam a2200000 a 4500
001 UCZ0803
003 CL-VaPUC
008 950809e19760000AG |||||||||||||||||spa|d
082 0 4 |a 796.077  |b JON  |2 21 
100 0 |a Jonath, Ulrich  |e author  |9 344094 
245 1 0 |a Entrenamiento en circuito: técnicas de educación física para las escuelas, clubes, fuerzas armadas y policía 
300 |a 198 p 
942 |c BK 
945 |d 19950809 00:00:00  |a cmena 
260 |a Buenos Aires  |b Paidós  |c 1976 
650 7 |a ENTRENAMIENTO ATLETICO  |2 CL-VaPUC  |9 344095 
650 0 |a Metodología   |9 256610 
650 0 |a Investigación  |9 257811 
650 0 |a Educación física  |9 240893 
650 7 |a DEPORTE  |2 CL-VaPUC  |9 344096 
650 7 |a EJERCICIO  |2 CL-VaPUC  |9 310040 
583 |a last modification  |c 19950809 00:00:00  |k Rodrigo Vera 
490 0 |a Biblioteca de educación física. Sección deportes, 3 
999 |c 237707  |d 237705 
952 |0 0  |1 0  |4 0  |6 796_077000000000000_JON_1976  |7 0  |8 P  |9 247329  |a BIBEDU  |b BIBEDU  |c BIBEDU_PB  |d 2019-11-18  |i 1555707  |o 796.077 JON 1976  |p 1555707  |r 2024-01-25  |w 2019-11-18  |y BK  |k EDU